JR東日本の全ご当地メロディー - Statistics

General Stats
  • This quiz has been taken 23 times
    6 since last reset
  • The average score is 54 of 178
Answer Stats
支社 Answer バージョンの数(未採用除く) % Correct
うなりくん なう!
100%
阿波踊り 4
80%
さくらさくら 2 | 4
80%
鉄腕アトム 2
80%
希望の轍 2
80%
たき火 2
80%
めだかの学校 6
80%
夕焼け小焼け 6
80%
We Love Marines
80%
あゝ上野駅
60%
第三の男 8
60%
たなばたさま 4
60%
鉄道唱歌 3
60%
闘魂こめて 2
60%
海 その愛 2
60%
お猿のかごや 4
60%
朧月夜 2
60%
川崎市歌 2
60%
すいみん不足
60%
線路は続くよどこまでも 3
60%
浜辺の歌 2
60%
藤沢市歌 2
60%
八王子支社 雨のステイション 2
60%
どんぐりころころ 2
60%
ひみつのアッコちゃん 2
60%
グリーン・グリーン
60%
上尾市歌 2
60%
おねぎのマーチ
60%
60%
銀河鉄道999 2
60%
横浜支社 FRONTALE2000
60%
HANDS〜大きな手から小さな手へ〜 3
60%
It’s a Small World 2
60%
Over 3
60%
蒲田行進曲 2
40%
突き進め柏
40%
チュニジア
40%
ビックカメラのテーマソング 4
40%
熱き星たちよ 2
40%
鎌倉 2
40%
きてよパーマン
40%
ナンバーワン野郎! 2
40%
ぼくドラえもん
40%
みかんの花咲く丘 8
40%
夢をかなえてドラえもん
40%
稲城繁盛節 2
40%
国分寺市の歌 2
40%
電車ごっこ 4
40%
生まれてはじめて
40%
ああわが戸田市
40%
川口市民歌 2
40%
希望のまち 2
40%
恋のメキシカン・ロック
40%
レットキス(ジェンカ)
40%
熊谷市歌 2
40%
今夜だけきっと
40%
チューリップ 2
40%
夢伝説
40%
長野支社 信濃の国
40%
ふるさと 2
40%
夏は来ぬ 2
40%
明日はきっといい日になる
40%
夕暮れ時はさびしそう
40%
栄冠は君に輝く
40%
キセキ
40%
すずめ踊り 2
40%
羽ばたけ楽天イーグルス
40%
Brand New Day
40%
モンダミンCMソング 2
40%
FF
40%
Forever Love
40%
FRONTALE20000
40%
Happiness is Here
40%
大宮支社 Keep On Rising
40%
Let It Go〜ありのままで〜 2
40%
Vamos Ardija
40%
We are F・Marinos 3
40%
あびこ市民の歌
20%
ウイスキーが、お好きでしょ 2
20%
俺たちの明日
20%
河童音頭
20%
トゥーランドット
20%
春になったら 2
20%
上を向いて歩こう 2
20%
丘を越えて 2
20%
ドラえもんのうた
20%
一番星見つけた 2
20%
武田節 2
20%
輝く未来
20%
君の願いが世界を輝かす
20%
証城寺の狸囃子
20%
集まれ!踊り人 2
20%
カリフォルニア・シャワー 2
20%
元気川口・御成道サンバ
20%
南越谷阿波踊り 2
20%
あしたの風とひとつになって 2
20%
いつでも夢を 2
20%
オー・シャンゼリゼ
20%
風の贈り物
20%
汽車
20%
ここで君を待ってるよ
20%
寒い朝
20%
幸せなら手をたたこう 2
20%
七つの子
20%
白鳥の湖
20%
若い港
20%
さらば青春の光
20%
栃木市民の歌〜明日への希望〜 2
20%
ふる里「みなかみ」 2
20%
八木節
20%
渡良瀬橋 2
20%
秋田支社 青い山脈
20%
秋田おばこ節
20%
生保内節
20%
きりたんぽ物語
20%
ハチ公物語
20%
夢の空
20%
君は天然色 2
20%
八戸小唄 2
20%
星めぐりの歌 2
20%
青葉城恋唄
20%
高原列車は行く
20%
白石市民歌
20%
花笠音頭 2
20%
A Sea Bird
20%
千葉支社 A Whole New World
20%
Great Messenger
20%
Jupiter 3
20%
Living in Color
20%
水戸支社 RYUとぴあ音頭
20%
Sea Green
20%
魔法の鍵〜The Dream Goes On
20%
When Your Heart Makes a Wish
20%
Zip-A-Dee-Doo-Dah
20%
今宵の月のように
0%
ニュルンベルクのマイスタージンガー
0%
雅楽谷の森〜蓮田のタカラ〜 2
0%
県民の歌 2
0%
山あげ祭のお囃子
0%
明日があるさ
0%
明日は咲こう花咲こう
0%
石岡のお囃子
0%
かえるの合唱
0%
公園の手品師
0%
シャボン玉
0%
相馬流れ山
0%
とんぼのめがね
0%
バラが咲いた
0%
フラガール〜虹を〜
0%
ファンファーレ 3
0%
新潟支社 あなたに出逢えたこの町で〜にいつのうた〜
0%
蒸気機関車の汽笛の音
0%
ひつじぐさ
0%
飾山囃子
0%
津軽じょんがら節
0%
どじょっこふなっこ
0%
なまはげの声となまはげ太鼓「新参」〜秋田船方節
0%
西馬音内盆踊り幻想
0%
港ばやし
0%
湯沢市民歌
0%
りんごのひとりごと
0%
盛岡支社 青森ねぶた囃子 2
0%
ダイジョウブ 2
0%
白石音頭
0%
新庄まつり囃子
0%
牧場の朝
0%
東北本部 AIZUその名の情熱
0%
Around the world
0%
高崎支社 Fine Day! 2
0%
首都圏本部 Glorious Gateway-The Theme of TAKANAWA GATEWAY CITY 4
0%
Open Hapiness 2
0%
Shine with U 2
0%
No matching quizzes found
Score Distribution
Percent of People with Each Score
Percentile by Number Answered
Your Score History
You have not taken this quiz since the last reset